Länder nach Wikipedia Beschreibungen #1 - Statistiken

Allgemein
  • Dieses Quiz wurde 102 mal gespielt
  • Das Durchschnittsergebnis liegt bei 11 aus 20
Antwortstatistiken
Hinweis Antwort % Korrekt
Hat sich am 3. Oktober 1990 wiedervereinigt Deutschland
100%
Östlich von Australien über die Tasmansee Neuseeland
87%
Ihr offizieller Name ist die Hellenische Republik Griechenland
78%
Die zweite Hälfte des 20. Jahrhunderts war von zunehmenden Spannungen zwischen der niederländischsprachigen Bevölkerung geprägt und die französischsprachigen Bürger Belgien
75%
Streitigkeiten um die Souveränität über die Falklandinseln (spanisch: Islas Malvinas) Argentinien
73%
Gebirgig und dicht bewaldet im Nordosten, wo der Kilimandscharo liegt Tansania
73%
Die Region zwischen den Flüssen Tigris und Euphrat, historisch bekannt als Mesopotamien Irak
68%
Der Archipel wurde zeitweise vom Homo erectus, bekannt als „Java-Mensch“, bewohnt. Vor 1,5 Millionen Jahren und vor 35.000 Jahren Indonesien
65%
Aufgrund seiner großen Bevölkerung und Wirtschaft wird es oft als „Riese Afrikas“ bezeichnet Nigeria
64%
Das neuntgrößte Land und der größte Binnenstaat der Welt Kasachstan
62%
Ein kirchlicher oder priesterlich-monarchischer Staat (eine Art Theokratie) Vatikanstadt
58%
Das Königreich Kusch war ein alter nubischer Staat an den Zusammenflüssen des Kusch der Blaue Nil und der Weiße Nil Sudan
55%
Folgt der Songun- oder „Militär zuerst“-Politik Nordkorea
49%
Singhalesisch: ශ්‍රී ලංකා; Tamilisch: இலங்கை Sri Lanka
45%
Kämpfte im Winterkrieg 1939–1940 gegen die Sowjetunion Finnland
44%
Beansprucht außerdem das gesamte guyanische Territorium westlich des Essequibo-Flusses Venezuela
42%
Hat die weltweit größte Konzentration afrikanischer Elefanten Botswana
31%
Von der Hungersnot 1983–85 waren rund acht Millionen Menschen betroffen, eine Million starben Äthiopien
18%
Die einzige Nation der Welt, die als Ergebnis einer erfolgreichen Sklavenrevolte gegründet wurde Haiti
15%
Am Ende der Bronzezeit entstanden dort drei stabile Königreiche: Ammon, Moab und Edom Jordanien
15%
Keine übereinstimmenden Quizze gefunden
Verteilung der Resultate
Anzahl Personen mit jedem Resultat
Perzentil nach korrekt beantworteten Fragen
Ihre Resultats-Entwicklung
Sie haben dieses Quiz noch nicht gespielt